Score 0/17 Timer 04:00
0 Plays Today
% Correct
Ratchet
69%
Socket
64.4%
Pipe Wrench
52%
Flathead Screwdriver
51.7%
Claw Hammer
48%
Needle nose pliers
47%
Combination Spanner
42.1%
Phillips Head Screwdriver
41%
Adjustable Spanner
40%
% Correct
Hex Key
39.3%
Ballpein Hammer
31.5%
Open-end spanner
24.7%
Locking Pliers
23.1%
Combination Pliers
20.7%
Ring Spanner
18.8%
Breaker Bar
14.8%
Multigrip pliers
12.5%
Remove Ads.
Support Sporcle.
Get the best of Sporcle when you Go Orange. This ad-free experience offers more features, more stats, and more fun while also helping to support Sporcle. Thank you for becoming a member.

You're not logged in!

Compare scores with friends on all Sporcle quizzes.
OR
Log In

Show Comments

Extras

Created Oct 15, 2013ReportNominate
Tags:tool

Top Quizzes Today


Score Distribution

Your Account Isn't Verified!

In order to create a playlist on Sporcle, you need to verify the email address you used during registration. Go to your Sporcle Settings to finish the process.

Report this User

Report this user for behavior that violates our Community Guidelines.

Details: